[Event "ESP-ch rapid"]
[Site "Linares"]
[Date "2017.08.13"]
[Round "1"]
[White "Alonso Rosell, Alvar"]
[Black "Perete Bernal, Francisco Eugenio"]
[Result "1-0"]
[WhiteElo "2530"]
[BlackElo "2041"]
[PlyCount "55"]
[EventDate "2017.08.13"]
[EventType "swiss (rapid)"]
[EventRounds "9"]
[EventCountry "ESP"]
[SourceTitle "CBM 179 Extra"]
[Source "ChessBase"]
[SourceDate "2017.08.23"]
[SourceVersion "1"]
[SourceVersionDate "2017.08.23"]
[SourceQuality "1"]

1. d4 c5 2. d5 f5 3. e4 fxe4 4. Nc3 Nf6 5. g4 h6 6. h3 e6 7. Bg2 exd5 8. Nxd5 d6 9. Ne2 Be6 10. Nef4 Bf7 11. 0-0 Nc6 12. Re1 Qd7 13. Nxf6+ gxf6 14. Bxe4 Kd8 15. Bf5 Qc7 16. c3 Ne5 17. Ne6+ Bxe6 18. Bxe6 Qb6 19. f4 Nc6 20. Be3 Kc7 21. b4 Rd8 22. Rb1 a6 23. bxc5 Qa5 24. Qb3 Rb8 25. cxd6+ Kxd6 26. Rbd1+ Kc7 27. Qb6+ Qxb6 28. Rd7+ 1-0